Szczegóły MARC21

Zarządzanie kapitałem trwałym przedsiębiorstwa w gospodarce rynkowej /

003 -Nazwa inst., której nr kontr. jest w polu 001 [,]
    • @
    • Nazwa instytucji, której n kontrolny jest w polu 001
    • NUKAT
005 -DATA I CZAS OSTATNIEJ MODYFIKACJI [,]
    • @
    • pole kontrolne
    • 20241231105246.0
020 -Międzynarod. znormalizowany nr książki - ISBN [ , ]
    • a
    • Numer ISBN
    • 8385798196 Find
040 -Instytucja sporządzająca opis [ , ]
    • a
    • Instytucja, która sporządziła opis (NP)
    • GD U/Jaga
    • c
    • Instytucja, która sporządziła rekord (NP)
    • GD U/Jaga
    • d
    • Instytucja, która zmodyfikowała rekord (P)
    • GD U/AJ
    • d
    • Instytucja, która zmodyfikowała rekord (P)
    • GD u/AEKs
942 -Rodzaj dokumentu [ , ]
    • c
    • Rodzaj dokumentu
    • Książka
100 -Hasło główne - nazwa osobowa [1, ]
    • a
    • Nazwa osobowa (NP)
    • Janasz, Władysław
    • d
    • Daty biograficzne (NP)
    • (1940- ).
    • 9
    • KHW
    • 43427
245 -Strefa tytułu i oznaczenia odpowiedzialności [1,0]
    • a
    • Tytuł
    • Zarządzanie kapitałem trwałym przedsiębiorstwa w gospodarce rynkowej / Find
    • c
    • Pozostałe elementy strefy tytułu i oznaczenia odpowiedzialności (NP)
    • Władysław Janasz ; Uniwersytet Szczeciński.
260 -Strefa adresu wydawniczego [ , ]
    • a
    • Miejsce wydania (P)
    • Szczecin :
    • b
    • Nazwa wydawcy (P)
    • US,
    • c
    • Data wydania (P)
    • 1993.
300 -Strefa opisu fizycznego [ , ]
    • a
    • Określenie formy książki i/lub objętość (NP)
    • 411 s. ;
    • c
    • Format (NP)
    • 24 cm.
336 -Typ zawartości [ , ]
    • a
    • Termin opisujący typ zawartości
    • Tekst
    • b
    • Kod określający zawartość
    • txt
    • 2
    • Źródło (terminu i kodu)
    • rdacontent
337 -Typ mediów [ , ]
    • a
    • Tryb odtwarzania
    • Bez urządzenia pośredniczącego
    • b
    • Kod typu mediów
    • n
    • 2
    • Źródło (terminu i kodu)
    • rdamedia
338 -Typ/rodzaj nośnika [ , ]
    • a
    • Hasło opisujące typ nośnika
    • Wolumin
    • b
    • Kod typu nośnika
    • nc
    • 2
    • Źródło (terminu i kodu)
    • rdacarrier
504 -Uwaga dot. bibliogr. załącznikowej [ , ]
    • a
    • Uwaga dot. bibliografii załącznikowej
    • Bibliogr. przy rozdz.
080 -Uniwersalna Klasyfikacja Dziesiętna [ , ]
    • a
    • Symbol klasyfikacji
    • 658.2
    • 2
    • Identyfikator wydania tablic
    • UDC-P058
    • 9
    • UKD
    • 5626
    • b
    • Dopowiedzenie
    • Zakłady, fabryki, warsztaty: budynki, urządzenia, środki produkcji. Majątek trwały. Środki trwałe. Lokalizacja.
    • 4
    • UKD2
    • 7665
    • x
    • Poddział wspólny
    • (075.8)
    • c
    • Dopowiedzenie poddz. wspólnego
    • (Podręczniki dla szkół wyższych. Skrypty).
080 -Uniwersalna Klasyfikacja Dziesiętna [ , ]
    • a
    • Symbol klasyfikacji
    • 339.13
    • 2
    • Identyfikator wydania tablic
    • UDC-P058
    • 9
    • UKD
    • 3291
    • b
    • Dopowiedzenie
    • Rynek. Podaż. Popyt. Konkurencja. Środki oddziaływania na rynek. Polityka rynkowa.
    • 4
    • UKD2
    • 7665
    • x
    • Poddział wspólny
    • (075.8)
    • c
    • Dopowiedzenie poddz. wspólnego
    • (Podręczniki dla szkół wyższych. Skrypty).
650 -Hasło przedmiotowe [ ,7]
    • a
    • Hasło przedmiotowe
    • Środki trwałe
    • v
    • Określnik formalny
    • podręczniki akademickie.
    • 2
    • Źródło terminu
    • kaba
    • 9
    • KHW
    • 374116
980 -Symbol UKD [ , ]
    • a
    • UKD
    • 658.2:339.13](075.8)
710 -Hasło dodatkowe - nazwa ciała zbiorowego [2, ]
    • a
    • Nazwa ciała zbiorowego lub nazwa geograficzna jako pierwszy element (NP)
    • Uniwersytet Szczeciński.
    • b
    • Nazwa jednostki podrzędnej (P)
    • Wydawnictwo Naukowe.
    • 4
    • Kod relacji
    • pbl
    • 9
    • KHW
    • 51208
920 -ISBN [ , ]
    • a
    • ISBN
    • 83-85798-19-6 Find
Data inwentaryzacji Lokalizacja Numer inwentarzowy Sygnatura Status udost.
1994-12-28BEE.62095 -2
1994-12-28BES.76526 2
1994-12-28BES.76527 2
1994-12-28BES.76528 2
1994-12-28BES.76529 2
1994-12-28BES.76530 2
1994-12-28BES.76531 2
1994-12-28BES.76532 2
1994-12-28BES.76533 2
1994-12-28BES.76534 2
1994-12-28BES.76535 2
1994-12-28BES.76536 2
1994-12-28BES.76537 2
1994-12-28BES.76538 2
1994-12-28BES.76539 2
1994-12-28BES.76540 2
1994-12-28BES.76541 2
1994-12-28BES.76542 2
1996-09-19BES.79000 2
1996-09-19BES.79001 2
1996-09-19BES.79002 2
1996-09-19BEE.63771 -2
1997-10-01BES.80943 -3
1997-10-14BES.81109 -6
BES.79263 2
 BES.79264 2
1994-12-28BGW.181719W.181718-3
1994-12-28BGW.181720W.1817182
1994-12-28BGW.181721W.1817182
1994-12-28BGZ.84301Z.843011
1994-12-28BGW.181718W.181718-3
1994-12-28TTS.76543 -11
1994-12-28TTS.76544 -11
1994-12-28TTS.76545 -11
1994-12-28TTS.76546 -11
1994-12-28TTS.76547 -11
1994-12-28TTS.76548 -11
1994-12-28TTS.76549 -11
1994-12-28TTS.76550 -11
1994-12-28TTS.76551 -11
1994-12-28TTS.76552 -11
1994-12-28TTS.76553 -11
1994-12-28TTS.76554 -11
1994-12-28TTS.76555 -11